000 00605nam a2200229 i 4500
001 C2-0121316
003 PPAK
005 20180727113037.0
008 970818s1986 enka|||| ||||| | eng d
020 _a0600311546
040 _aPPAK
_beng
_cPPAK
_erda
082 0 4 _a823
_223
090 0 0 _a823
_bWHI
_dK
100 1 _aWhitmore, Adam,
_eauthor
245 1 0 _aMax in India
264 1 _aEngland :
_bHamlyn Publishing ,
_c1986
300 _a27 pages :
_bcolour illustrations ;
_c21 cm
336 _2rdacontent
_atext
337 _2rdamedia
_aunmediated
338 _2rdacarrier
_avolume
942 _ddc
_cB
999 _c34367
_d34367